000 01067nam a22001937a 4500
005 20120214124731.0
020 _a9789350460252
_c120.00
082 _a
100 _aश्वेता प्रकाश
_941913
245 _aपद्मा चली अंतरिक्ष में /
_cश्वेता प्रकाश;श्रेया सेन द्वारा चित्रांकित;सुषमा द्वारा अनुदित
260 _aचैन्नेई
_bतूलिका पब्लिशिंग
_c2011
270 _a13 पृथ्वी ऐवन्यु, अभिरमपुरम
_bचैन्नेई
_e600018
300 _aअ.पृ.
_bसचित्र
_c22सेमी (अजिल्द)
700 _941870
_aसेन, श्रेया
700 _941871
_aसुषमा
700 _941872
942 _2ddc
_cCH
_h
_mश्वेताप्र
999 _c62730
_d62730